00981nam a22002297a 450000100060000000300080000600500170001400800410003103500190007204000350009104100080012608200240013410000300015824502160018826000800040430000380048450200880052250400310061065000290064170000420067070000390071281217BD-RjUL20231115110708.0230213s2012 bg a|||| m||| 00| 0 eng d a(BD-RjUL)81217 aBD-RjULbengcBD-RjULdBD-RjUL aeng 223a571.9bSAR 2012 aSarker, Md. Mahbur Rashid10aRole of histopathology, cytopathology and bleach sedimentation technique in the diagnosis of tuberculosis /cBy Md. Mahbur Rashid Sarker.6Principal Supervisor : Parvez, Hassan, Co-supervisor : Md. Shamim Farooq aRajshahi :bInstitute of Biological Sciences, University of Rajshahi,c2012 a[16], 73 leaves :bill, ;c29.cm. aThesis (M. Phil.) -- Institute of Biological Sciences, University of Rajshahi, 2012 aReferences : Leaves 59 -63 aHistopathologyvDiseases aHassan, Parvez, Principal Supervisor  aFarooq, Md. Shamim, Co-supervisor